000 00764nam a2200229Ia 4500
003 GCL
005 20240530103253.0
008 140319s9999 xx 000 0 ara d
040 _aGCL /
_cGCL
082 0 4 _a414
_bع د
100 1 _4عبدالجواد محمد طبق
245 1 0 _aدراسة بلاغية فى السجع والفاصلة القرانية /
_cعبدالجواد محمد طبق
260 _aالقاهرة :
_bدار الارقم للطباعة والنشر ،
_c1993
300 _a279 ص؛
_b24 سم
650 0 4 _aاللغة العربية
650 0 4 _aالبلاغة العربية
650 0 4 _aالقران - بلاغة
650 0 4 _aالقران - اعجاز
650 0 4 _aالسجع
650 0 4 _aالقران
942 _2ddc
_cBK
999 _c38032
_d38032